| 000 | 00842nam a2200241 i 4500 | ||
|---|---|---|---|
| 001 | 10431 | ||
| 003 | ES-MaACL | ||
| 005 | 20250808062708.0 | ||
| 008 | 950615s1992 sp |||| | spa d | ||
| 020 | _a84-7914-074-7 | ||
| 080 | _a266(8.03)"19" | ||
| 100 | 1 |
_aGarrigos Meseguer, Antonio. _955758 |
|
| 245 | 1 | 0 |
_aEvangelizadores de América _b: historia de la OCSHA / _cpor Antonio Garrigos Meseguer ; prólogo de Eduardo Pironio. |
| 260 |
_aMadrid : _bBiblioteca de Autores Cristianos, _c1992. |
||
| 300 |
_aXXVI, 812 p., 1 h. ; _c20 cm. |
||
| 490 | 1 |
_aBiblioteca de autores cristianos ; _v524 |
|
| 500 | _aÍndice. | ||
| 650 | 0 | 4 |
_aEvangelización- _zAmérica latina. _912619 |
| 700 | 1 |
_aPironio, Eduardo F. _992349 |
|
| 830 | 0 | 0 |
_aBiblioteca de autores cristianos _v524 _9178679 |
| 852 |
_aES-MaACL _jJ-511 |
||
| 999 |
_c10431 _d10431 |
||